Responses for Show #5719 - Thursday, June 18, 2009

Contestants

[<< previous game]

Damon White, a bartender from Darlington, South Carolina

Naomi Seiler, a health policy lawyer from Washington, D.C.

Marianne Fichtel, an investor relations manager from Brooklyn, New York (whose 1-day cash winnings total $10,399)

[next game >>]

Jeopardy! Round responses

THE BRITISH ARE DIFFERENT
TOP 40 COMMENCEMENT ADDRESSES?
(Alex: You have to identify the performer.)
OBSCURE AMERICA
FAST FOOD CHAINS IN OTHER WORDS
(WHOOPS)
CHOICE 4-LETTER WORDS
    $200 1
a billion

Marianne
    $200 16
Whitney Houston

Marianne
    $200 26
Cars

Triple Stumper
    $200 6
Wendy's

Naomi
    $200 21
(Steve) Wynn

Marianne
    $200 11
dust

Marianne
    $400 2
999

Marianne
    $400 17
Aerosmith

Naomi
    $400 27
Colorado

Marianne
    $400 7
Pizza Hut

Naomi
    $400 22
(Marianne: What is Albania?)
...
(Alex: You're in the right part of the world--it was [*].)

Greece

Marianne
Triple Stumper
    $400 12
junk

Marianne
    $600 3
Monday

Marianne
    $600 18
(Marianne: Who is... Hoobastank? [Laughs])

Smash Mouth

Marianne
Triple Stumper
    $600 28
American Samoa

Marianne
    $500 8
KFC

Naomi
    $600 23
Microsoft

Marianne
    $600 13
swag

Marianne
    $800 4
Thanksgiving

Marianne
    $800 19
Chumbawamba

Triple Stumper
    $800 29
Garden State

Marianne
    $800 9
(Damon: What is Burger King?)

Dairy Queen

NaomiDamon
    $800 24
Mars

Damon
    $800 14
Ajax

Marianne
    $1000 5
counties

Damon
    $1000 20
(Alex: Well, we started out well. That would be [*].)

Lee Ann Womack

Triple Stumper
    $1000 30
Maine

Marianne
    $1000 10
Subway

Triple Stumper
    $1000 25
Kazakhstan

Marianne
    $1000 15
[Applause for Marianne's run of the category]

Guam

Marianne

Scores at the first commercial break (after clue 15):

Marianne Naomi Damon
$5,000 $1,900 $200

Scores at the end of the Jeopardy! Round:

Marianne Naomi Damon
$8,800 $2,300 $1,000

Double Jeopardy! Round responses

GETTING YOUR BERING
THE WRATH OF CAAN
UPTON SINCLAIR
WALTER CRONKITE
MR. "T"
5 PEOPLE WHO'VE NEVER BEEN IN MY KITCHEN
    $400 17
(Damon: What is Sweden?)
...
(Alex: He was Danish--he was born in [*].)

Denmark

Damon
Triple Stumper
    $400 16
The Godfather

Marianne
    $400 22
the Food and Drug Administration

Marianne
    $400 9
CBS

Damon
    $400 4
(Damon: ...What is time?)

talent

NaomiDamon
    $400 1
(Marianne: Who is Dizzy Gillespie?)
(Damon: Who is Marsalis?)

Louis Armstrong

MarianneNaomiDamon
    $800 25
Siberia

Marianne
    $800 18
Misery

Marianne
    $2,000 23
There Will Be Blood

Marianne
    $800 10
JFK's death (assassination)

Naomi
    $2,000 5
truant

Naomi
    $800 2
(Paula) Deen

Damon
    $1200 26
the Aleutians

Marianne
    $1200 19
(Alex: And the famous director is [*].)

Sam Peckinpah

Triple Stumper
    $1200 24
muckraking

Marianne
    $1200 11
Johnson

Damon
    $1200 6
troubadours

Marianne
    $1200 3
(Damon: Who is Oppenheimer?)

Wernher Von Braun

Damon
Triple Stumper
    $1600 27
(Damon: Who is Nicholas?)

Peter the Great

MarianneDamon
    $1600 20
Benicio del Toro

Naomi
    $1600 29
Vanzetti

Marianne
    $1600 12
(Edward R.) Murrow

Damon
    $1600 7
a Trotskyite

Naomi
    $1600 14
St. Jude

Naomi
    $2000 28
(Marianne: What is rickets?)

scurvy

MarianneNaomi
    $2000 21
Mickey Blue Eyes

Damon
    $2000 30
the Socialist Party

Triple Stumper
    $2000 13
(Damon: Who's Begin and...)

Begin & Sadat

NaomiDamon
    $2000 8
tailor

Damon
    $2000 15
(Marianne: Who is McCaskill?)

Kirsten Gillibrand

MarianneNaomi

Scores at the end of the Double Jeopardy! Round:

Marianne Naomi Damon
$15,600 $16,700 $3,000

[wagering suggestions for these scores]

Final Jeopardy! Round responses

STATE SONGS
DamonWhat is the Victors?
$0
MarianneWhat is ?
$1,111
NaomiWhat is ?
$14,501
"On, Wisconsin!"

Final scores:

Marianne Naomi Damon
$14,489 $2,199 $3,000
2-day champion: $24,888 3rd place: $1,000 2nd place: $2,000

Game dynamics:

Coryat scores:

Marianne Naomi Damon
$14,400 $15,600 $3,000
27 R
(including 1 DD),
5 W
15 R
(including 2 DDs),
0 W
8 R,
7 W

Combined Coryat: $33,000

[game] [game scores] [suggest correction]

Game tape date: 2009-03-17
The J! Archive is created by fans, for fans. Scraping, republication, monetization, and malicious use prohibited; this site may use cookies and collect identifying information. See terms. The Jeopardy! game show and all elements thereof, including but not limited to copyright and trademark thereto, are the property of Jeopardy Productions, Inc. and are protected under law. This website is not affiliated with, sponsored by, or operated by Jeopardy Productions, Inc. Join the discussion at JBoard.tv.